[Event "Wch U12"]
[Site "Montesilvano"]
[Date "2024.11.24"]
[Round "9"]
[White "Gao, Heye"]
[Black "Fulgentini, Edoardo"]
[Result "1-0"]
[WhiteElo "1933"]
[BlackElo "2075"]
[PlyCount "59"]
[EventDate "2024.11.15"]
[EventType "swiss"]
[EventRounds "11"]
[EventCountry "ITA"]
[SourceTitle "CB48_2024"]
[SourceDate "2024.11.28"]
[SourceVersion "1"]
[SourceVersionDate "2024.11.28"]
[SourceQuality "1"]

1. e4 c5 2. Nf3 Nc6 3. d4 cxd4 4. Nxd4 Nf6 5. Nc3 e6 6. Ndb5 d6 7. Bf4 e5 8. Bg5 a6 9. Na3 b5 10. Nd5 Be7 11. Bxf6 Bxf6 12. c3 Rb8 13. Nc2 Bg5 14. a4 bxa4 15. Ncb4 Nxb4 16. cxb4 Bd7 17. Bxa6 0-0 18. 0-0 Bc6 19. Rxa4 Bxa4 20. Qxa4 g6 21. b5 f5 22. Qc4 Rf7 23. b6 Rxb6 24. Nxb6 Qxb6 25. Qc8+ Kg7 26. Bc4 Rf8 27. Qd7+ Kh6 28. exf5 Rxf5 29. Bg8 Kh5 30. h3 1-0

[Event "Wch U12"]
[Site "Montesilvano"]
[Date "2024.11.20"]
[Round "6"]
[White "Gao, Heye"]
[Black "Shilon Rahav, Eliran"]
[Result "1-0"]
[WhiteElo "1933"]
[BlackElo "2150"]
[PlyCount "84"]
[EventDate "2024.11.15"]
[EventType "swiss"]
[EventRounds "11"]
[EventCountry "ITA"]
[SourceTitle "CB48_2024"]
[SourceDate "2024.11.28"]
[SourceVersion "1"]
[SourceVersionDate "2024.11.28"]
[SourceQuality "1"]

1. e4 c5 2. Nf3 Nc6 3. Nc3 e5 4. Bc4 g6 5. d3 h6 6. Ng1 Bg7 7. f4 Nf6 8. Nf3 d6 9. 0-0 Bg4 10. h3 Bxf3 11. Qxf3 Nd4 12. Qf2 Nc6 13. Nd5 0-0 14. f5 Kh7 15. g4 g5 16. h4 gxh4 17. g5 Nxd5 18. exd5 hxg5 19. f6 Bh6 20. dxc6 d5 21. Qf5+ Kh8 22. cxb7 Rb8 23. Bb3 c4 24. Kh1 Rg8 25. dxc4 Rxb7 26. cxd5 Rxb3 27. axb3 Qxd5+ 28. Qf3 e4 29. Qh5 Rg6 30. Be3 Qd7 31. Kg2 Qc7 32. Qg4 Qxc2+ 33. Rf2 Qxb3 34. Rxa7 Qxe3 35. Rxf7 Qb3 36. Re7 e3 37. Qc8+ Rg8 38. Qf5 h3+ 39. Qxh3 Qd5+ 40. Qf3 Qc4 41. Qf5 Rg6 42. Rc2 Qxc2+ 1-0

[Event "Canadian op"]
[Site "Laval"]
[Date "2024.07.14"]
[Round "3"]
[White "Gao, Heye"]
[Black "Latorre, Vincent"]
[Result "1/2-1/2"]
[WhiteElo "1926"]
[BlackElo "2192"]
[PlyCount "144"]
[EventDate "2024.07.13"]
[EventType "swiss"]
[EventRounds "9"]
[EventCountry "CAN"]
[SourceTitle "EXT 2025"]
[Source "ChessBase"]
[SourceDate "2024.10.14"]
[SourceVersion "1"]
[SourceVersionDate "2024.10.14"]
[SourceQuality "1"]

1. e4 c5 2. Nf3 e6 3. d4 cxd4 4. Nxd4 Nc6 5. Nc3 Qc7 6. Be3 a6 7. a3 b5 8. Be2 Bb7 9. 0-0 Nf6 10. f3 Be7 11. Nb3 Ne5 12. Qd4 d6 13. Rad1 0-0 14. Rfe1 Rac8 15. Qb6 Qxb6 16. Bxb6 Ba8 17. Bf2 Nfd7 18. f4 Nc4 19. Bxc4 Rxc4 20. Rd4 Rfc8 21. Red1 Rxd4 22. Rxd4 Nb6 23. Nd2 Bc6 24. Na2 Bb7 25. Nc3 Kf8 26. Rd3 Rc6 27. Bxb6 Rxb6 28. Nb3 Ke8 29. Kf2 Ba8 30. Ke3 Rc6 31. Nd4 Rc5 32. g4 g6 33. Rd2 Bd8 34. Kd3 Bb7 35. Re2 Bf6 36. g5 Bg7 37. Re3 h6 38. h4 hxg5 39. hxg5 Ke7 40. Rh3 Rc4 41. Nde2 Bc8 42. Rh7 Kf8 43. b3 Rc5 44. Rh2 Bd7 45. Rf2 a5 46. Nd4 Ke8 47. b4 axb4 48. axb4 Bxd4 49. Kxd4 Rc4+ 50. Kd3 Rxb4 51. Rf1 Rc4 52. Rb1 Rc5 53. Ra1 Rc8 54. Rb1 Rb8 55. Kd4 Ke7 56. Rb4 Rc8 57. Kd3 Rc5 58. Rb1 f6 59. gxf6+ Kxf6 60. e5+ Kf5 61. exd6 Bc6 62. Rg1 Kf6 63. d7 Ke7 64. Rxg6 Kxd7 65. Rg7+ Kd6 66. Rg5 Rxg5 67. fxg5 Be8 68. Ke3 Ke5 69. Ne4 b4 70. Nc5 Kd5 71. Nd3 Kc4 72. Kd2 b3 1/2-1/2

[Event "Montreal Maplewood Cup"]
[Site "Montreal"]
[Date "2024.06.02"]
[Round "6"]
[White "Marchand, Calix"]
[Black "Gao, Heye"]
[Result "1-0"]
[WhiteElo "1973"]
[BlackElo "1942"]
[PlyCount "51"]
[EventDate "2024.05.31"]
[EventType "swiss"]
[EventRounds "6"]
[EventCountry "CAN"]
[SourceTitle "CBM 220 Extra"]
[Source "ChessBase"]
[SourceDate "2024.07.31"]
[SourceVersion "1"]
[SourceVersionDate "2024.07.31"]
[SourceQuality "1"]

1. e4 e5 2. Nc3 Nf6 3. g3 Bc5 4. Bg2 Nc6 5. Nge2 0-0 6. 0-0 a6 7. d3 d6 8. h3 Ne8 9. Kh2 f5 10. f4 Ne7 11. fxe5 dxe5 12. Bg5 c6 13. exf5 Rxf5 14. Ne4 Bb6 15. Qd2 Bc7 16. g4 Rxf1 17. Rxf1 Nd6 18. N2g3 Qe8 19. Nh5 Nxe4 20. Bxe4 Nd5 21. Nxg7 Qd7 22. Nh5 Bd8 23. Bxd8 Qxd8 24. Qh6 Qe7 25. Rf8+ Qxf8 26. Qxh7# 1-0